|
|
|
|
| LEADER |
00634nam a2200181 4500 |
| 020 |
|
|
|a 471585890
|c 8.9
|
| 082 |
|
|
|a 547 MAR
|
| 100 |
|
|
|a MARCH JERRY
|
| 245 |
|
|
|a ADVANCED ORGANIC CHEMISTRY: REACTIONS, MECHANISMS, AND STRUCTURE
|h ENGLISH
|
| 250 |
|
|
|a 4
|
| 260 |
|
|
|a USA
|b WILEY/INTERSCIENCE
|c 1999
|
| 300 |
|
|
|a 1494
|f HB
|
| 500 |
|
|
|a
|
| 590 |
|
|
|d Dollar 8.9
|
| 650 |
|
|
|a ADVANCED ORGANIC CHEMISTRY-- REACTIONS-- MECHANISMS-- AND STRUCTURE
|
| 942 |
|
|
|c BK
|
| 999 |
|
|
|c 122118
|d 122118
|
| 952 |
|
|
|0 0
|1 0
|4 0
|6 547_000000000000000_MAR
|7 0
|9 135580
|a CHE
|b CHE
|g 8.90
|l 0
|o 547 MAR
|p CHE3446
|r 2019-10-15
|w 2019-10-15
|y BK
|